Movies Quiz

Random Movies or Word Ladder Quiz

Disney word ladder 2 Quiz Stats

 Plays Quiz not verified by Sporcle

Support Sporcle.
Go Orange.
Score 0/20 Timer 04:00
0 Plays Today
Clues 4-letter words % Correct
The Bells of Notre ______DAME
94.7%
Can You ______ the Love Tonight?FEEL
92.7%
Winnie The ______POOH
91.5%
Simba is almost trampled by a ______ of wildabeestHERD
89%
______ Unfortunate SoulsPOOR
87.9%
Zero to ______HERO
87.5%
______ the BirdsFEED
83.2%
So This Is ______LOVE
83%
I'm Still ______ (Treasure Planet)HERE
83%
Nemo, Marlin, and Dory ______ in the oceanLIVE
82.5%
Clues 4-letter words % Correct
The White Rabbit and the March ______(Alice in Wonderland)HARE
82.4%
______ my every order and you might survive! (Mulan)HEED
80.8%
Giselle wants to go on a ______ before she marries Prince EdwardDATE
75.3%
Ursula ______s King TritonHATE
73.7%
______ A Little WhistleGIVE
71.4%
Violet's shield makes this shapeDOME
71.2%
Mother ______ (Fairy in Neverland)DOVE
65.9%
Then a burst of crystal listen to it ______, its the glockenspiel. (Come Follow the Band)PEEL
35.9%
Nemo and his classmates ______ over the drop-offPEER
29.5%
(In spanish from Arabian Nights) I have not seen anything WORSEPEOR
28.8%

You're not logged in!

Compare scores with friends on all Sporcle quizzes.
OR
Log In

From the Vault

Rated 99 in Madden 2011

by ESPN

For those keeping score, BJ Sams is the lowest with a 34.
Remove Ads.
Support Sporcle.
Get the best of Sporcle when you Go Orange. This ad-free experience offers more features, more stats, and more fun while also helping to support Sporcle. Thank you for becoming a member.

Show Comments

Extras

Top Quizzes Today


Score Distribution

Your Account Isn't Verified!

In order to create a playlist on Sporcle, you need to verify the email address you used during registration. Go to your Sporcle Settings to finish the process.

Report this User

Report this user for behavior that violates our Community Guidelines.

Details: